Práva spotrebiteľov na slovenskom finančnom trhu (NBS Sk) diplomová práca

Guardado en:
Detalles Bibliográficos
Autor principal: Bakó, Lukáš
Autor Corporativo: Obchodná fakulta EU. Katedra marketingu
Otros Autores: Dzurová, Mária
Formato: Libro
Lenguaje:eslovaco
Publicado: Bratislava 2019
Etiquetas: Agregar Etiqueta
Sin Etiquetas, Sea el primero en etiquetar este registro!

MARC

LEADER 00000nbm a2200000 4500
001 0254063
005 20190704133518.7
041 0 |a slo 
044 |a SK 
245 1 0 |a Práva spotrebiteľov na slovenskom finančnom trhu (NBS Sk)  |b diplomová práca  |c Lukáš Bakó ; školiteľ: Mária Dzurová 
264 1 |a Bratislava  |c 2019 
300 |a 72 s. 
100 1 |a Bakó, Lukáš 
700 1 |a Dzurová, Mária 
710 2 |a Obchodná fakulta EU. Katedra marketingu